000 00781nam a22002413u 4500
001 on1426319562
003 OCoLC
005 20250205093336.0
006 m o d
007 cr |||||||||||
008 240314s2024 xx o 000 u und d
020 _a9781776448500
020 _a1776448502
029 1 _aAU@
_b000076484799
035 _a(OCoLC)1426319562
040 _aOCLKB
_beng
_epn
_cOCLKB
049 _aTZAA
050 _aKD4080
_b.F43 2023
245 0 0 _aHuman rights adjudication in Africa :
_bChallenges and opportunities within the African Union and sub-regional human rights systems
300 _a1 online resource
856 4 0 _3Open Access Publishing in European Networks
_uhttps://directory.doabooks.org/handle/20.500.12854/134959
942 _2lcc
_cBOOK
999 _c7447
_d7447